header

A history of nerve functions (Record no. 183305)

MARC details
000 -LEADER
fixed length control field 01229nam a2200313Ia 4500
100 1# - MAIN ENTRY--AUTHOR NAME
Personal name Ochs, Sidney.
245 12 - TITLE STATEMENT
Title A history of nerve functions
260 ## - PUBLICATION, DISTRIBUTION, ETC. (IMPRINT)
Place of publication Cambridge ;
-- New York :
Name of publisher Cambridge University Press,
Year of publication 2004.
300 ## - PHYSICAL DESCRIPTION
Number of Pages ix, 438 p. :
Other physical details ill.
650 #0 - SUBJECT ADDED ENTRY--TOPICAL TERM
Topical Term Axonal transport
Topical Term Nerves
Topical Term Neurology
856 40 - ELECTRONIC LOCATION AND ACCESS
Uniform Resource Identifier http://site.ebrary.com/lib/rucke/Doc?id=10131654

No items available.

© 2026 Rongo University
Contact us: librarian | system librarian | Rongo university